Vista normal
Vista MARC
- Rodríguez Serrano, Esteban,
Entrada Nombre Personal
Número de registros utilizados en: 6
001 - NUMERO DE CONTROL
- campo de control: 32613
003 - IDENTIFICADOR DE NUMERO DE CONTROL
- campo de control: UPN
005 - FECHA Y HORA DE LA ÜLTIMA TRANSACCIÓN
- campo de control: 20210219194434.0
008 - DATOS DE LONGITUD FIJA
- campo de control de longitud fija: nabaccnnaabn|||||||||| b |nc|||||d
035 ## - NUMERO DE CONTROL
- Número de control: UPN11000004720
040 ## - FUENTE DE CATALOGACIÓN
- Lenguaje de catalogación: SPA
- Agencia de transcripción: UPN
100 1# - ENCABEZAMIENTO - NOMBRE PERSONAL
- Nombre personal: Rodríguez Serrano, Esteban,
- Fechas asociadas con el nombre: 1978-
670 ## - FUENTE EN LA QUE SE LOCALIZARON DATOS
- Cita de la fuente: T
- Uniform Resource Identifier: http://www.blogseitb.com/graffiti/2010/02/04/charlamos-con-esteban-rodriguez-serrano-sobre-su-ultimo-libro-fibonacci-y-los-numeros-magicos/
680 ## - NOTA PUBLICA DE ACCESO PÚBLICO
- Frase explicativa de la referencia: Escritor español
902 ## - CATALOGADOR
- Catalogador: CAA/081012